000 00631nam a2200205 u 4500
005 20210223131220.0
008 100211s2007 r 000 0 eng d
020 _a9789870006923
035 _aUPN01000174627
049 _aCG
050 4 _aRC489 D3
_bF8.7
100 1 _aFux, María
245 1 0 _aSer danzaterapeuta hoy /
_cMaría Fux.
260 _aBuenos Aires :
_bLumen,
_c2007.
300 _a119 p :
_bil. +
_e1 DVD ; (120 min.) : son., HTX, col. ; 4 3/4 plg.
440 0 _aCuerpo, arte y salud.
_pRoja
500 _aSolicita el CD-ROM en el Mostrador de Préstamo
650 4 _aDANZA COMO TERAPIA
_94169
905 _aLibro
999 _c146731
_d146731